El uso del ius variandi en los contratos de suplencia y sus efectos en la desnaturalización contractual (Registro nro. 22631)
[ vista simple ]
| 000 -Cabecera | |
|---|---|
| Campo de control interno | 03582nam a2200373 4500 |
| 001 - Número de control | |
| control field | ESSALUD |
| 005 - Fecha y hora de la última transacción | |
| Campo de control | 20260702233255.0 |
| 007 - Tipo material - Descripcion fisica - info general | |
| Tipo material - Descripcion fisica - info general | ta |
| 008 - Elementos de Longitud Fija - Información General | |
| Elementos de Longitud Fija - Información | t pe ||||| |||| 00| 0 spa d |
| 040 ## - Origen de la Catalogación | |
| Origen de la Catalogación | BMG |
| 041 ## - Idioma | |
| Idioma | spa |
| 100 ## - Autor | |
| Autor | Effio Arroyo, Ornar |
| Rol del Autor | Autor |
| 9 (RLIN) | 53234 |
| 245 ## - Titulo | |
| Titulo | El uso del ius variandi en los contratos de suplencia y sus efectos en la desnaturalización contractual |
| 246 ## - Variante del Titulo | |
| Titulo | The use of ius variandi in substitution contracts and its effects on contractual denaturalization |
| 300 ## - Páginas | |
| Paginación | páginas 23-34 |
| 520 ## - Resumen | |
| Resumen | La Corte Suprema, mediante la Casación Laboral N° 33744-2023-Lima,<br/>ha emitido una sentencia que vacía el contenido esencial del derecho a la estabilidad<br/>laboral. Al validar contratos de suplencia bajo el argumento del ius variandi<br/>(poder de dirección del empleador), pese a la probada desnaturalización por fraude<br/>a la ley, la Corte desnaturaliza la tutela restitutoria y convierte la protección contra<br/>el despido arbitrario en letra muerta. Este artículo analiza críticamente la sentencia,<br/>exponiendo cómo el uso indebido del ius variandi permite encubrir fraudes<br/>laborales y cómo la negación de la reposición -cuando existe un contrato a plazo<br/>indeterminado- contradice la doctrina constitucional y los principios fundamentales<br/>del Derecho del Trabajo. Se propone una interpretación garantista que priorice<br/>la primacía de la realidad y la protección efectiva del trabajador frente a prácticas<br/>simulatorias. Y hacemos énfasis, esta sentencia no es precedente vinculante, es<br/>decir los jueces de las primeras instancias, ni siquiera deben aplicarla o citarla en<br/>casos similares.<br/> |
| 520 ## - Resumen | |
| Resumen | Through Labor Cassation N° 33744-2023-Limo, the Supreme Court issued o ruling<br/>thot undermines the essential content of the right to job stability. By validating substitution<br/>contracts under the argument of ius variandi (the employer's managerial prerogative}, despite<br/>proven contractual denaturalization due to fraud agonist the low, the Court weakens restitutive<br/>protection and renders protection agonist arbitrary dismissal ineffective. This article critically<br/>analyzes the decision, showing how the improper use of ius variandi moy conceal labor fraud<br/>and how denying reinstatement - when on indefinite- term employment relationship existscontrodicts<br/>constitutional doctrine and the fundamental principles of labor low. A protective<br/>interpretation is proposed thot prioritizes the principle of primacy of reality and the effective<br/>protection of workers against simulated practices. lt is also emphasized thot this ruling does not<br/>constitute binding precedent; therefore, lower court judges are not required to apply or even cite<br/>it in similor coses.<br/> |
| 650 ## - Temas - Descriptores | |
| Temas - Descriptores | ESTABILIDAD LABORAL |
| 9 (RLIN) | 53235 |
| 650 ## - Temas - Descriptores | |
| Temas - Descriptores | DESNATURALIZACIÓN DE CONTRATOS |
| 9 (RLIN) | 53236 |
| 650 ## - Temas - Descriptores | |
| Temas - Descriptores | CONTRATO DE SUPLENCIA |
| 9 (RLIN) | 53237 |
| 650 ## - Temas - Descriptores | |
| Temas - Descriptores | LUS VARIANDI |
| 9 (RLIN) | 53238 |
| 650 ## - Temas - Descriptores | |
| Temas - Descriptores | REPOSICIÓN LABORAL |
| 9 (RLIN) | 53239 |
| 650 ## - Temas - Descriptores | |
| Temas - Descriptores | FRAUDE A LA LEY |
| 9 (RLIN) | 53240 |
| 650 ## - Temas - Descriptores | |
| Temas - Descriptores | PRINCIPIO DE PRIMACÍA DE LA REALIDAD |
| 9 (RLIN) | 53241 |
| 650 ## - Temas - Descriptores | |
| Temas - Descriptores | DESPIDO ARBITRARIO |
| 9 (RLIN) | 53242 |
| 650 ## - Temas - Descriptores | |
| Temas - Descriptores | CONTRACTUAL DENOTUROLIZOTION |
| 9 (RLIN) | 53243 |
| 650 ## - Temas - Descriptores | |
| Temas - Descriptores | SUBSTITUTION CONTRACT |
| 9 (RLIN) | 53244 |
| 650 ## - Temas - Descriptores | |
| Temas - Descriptores | LABOR REINSTATEMENT |
| 9 (RLIN) | 53245 |
| 650 ## - Temas - Descriptores | |
| Temas - Descriptores | PRINCIPLE OF PRIMACY OF REALITY |
| 9 (RLIN) | 53246 |
| 650 ## - Temas - Descriptores | |
| Temas - Descriptores | FRAUD AGOINST THE LOW |
| 9 (RLIN) | 53247 |
| 650 ## - Temas - Descriptores | |
| Temas - Descriptores | ARBITRARY DISMISSAL |
| 9 (RLIN) | 53248 |
| 773 0# - Revista (Relacion con el numero) | |
| Host Biblionumber | 22614 |
| Host Itemnumber | 22626 |
| Ciudad, Editorial | Lima Grupo Praxis Formación Profesional, 2026- |
| Codigo barras item/ejemplar | PRALAB002 |
| Titulo de la Revista | Praxis Laboral & Procesal Laboral |
| Número de control de registro | ESSALUD |
| ISSN | 3119-768X |
| 942 ## - Elementos de Koha | |
| Tipo de Documento | Artículos |
| Fecha procesamiento | 2026-07-02 |
| Catalogador | SQB |
No hay ítems disponibles.